[Event "Guernsey Open 2012"]
[Site "?"]
[Date "2012.10.24"]
[Round "4"]
[White "Morin, Yves"]
[Black "Hillarp Persson, Tiger"]
[Result "0-1"]
[WhiteElo "2183"]
[BlackElo "2556"]
[PlyCount "64"]
[EventDate "2012.10.21"]
[EventType "swiss"]
[SourceDate "2012.10.30"]

1. d4 g6 2. Nf3 Bg7 3. c3 Nf6 4. Bf4 d6 5. e3 Nh5 6. Bg5 h6 7. Bh4 g5 8. Bg3
Nxg3 9. hxg3 e6 10. Nbd2 Nd7 11. Bd3 a6 12. Qe2 Qe7 13. a3 c5 14. Rd1 b5 15.
Ne4 c4 16. Bb1 d5 17. Ned2 f5 18. Kf1 Bb7 19. Ng1 O-O 20. Nh3 Nf6 21. Kg1 a5
22. f3 b4 23. axb4 axb4 24. Nf1 bxc3 25. bxc3 Qa3 26. Qd2 Bc6 27. Qc1 Rfb8 28.
Qd2 Rb2 29. Qe1 Rab8 30. Nf2 Qb3 31. Nd2 Qxc3 32. e4 fxe4 0-1

[Event "Guernsey Open 2012"]
[Site "?"]
[Date "2012.10.24"]
[Round "4"]
[White "Godard, Maxence"]
[Black "Broek, Thomas"]
[Result "1-0"]
[WhiteElo "2371"]
[BlackElo "2217"]
[PlyCount "103"]
[EventDate "2012.10.21"]
[EventType "swiss"]
[SourceDate "2012.10.30"]

1. d4 Nf6 2. c4 g6 3. Nc3 d5 4. Nf3 Bg7 5. Qb3 dxc4 6. Qxc4 a6 7. Bf4 c6 8. e4
O-O 9. Be2 Be6 10. Qd3 b5 11. O-O Nbd7 12. Qc2 Qb6 13. h3 Rfd8 14. Rad1 Rac8
15. Qb1 Qa5 16. b4 Qa3 17. Rd3 Bc4 18. Re3 Nh5 19. Bxc4 bxc4 20. Nd5 Qa4 21.
Nxe7+ Kh8 22. Nxc8 Nxf4 23. Nd6 Rb8 24. a3 a5 25. Qc1 h6 26. Qxc4 axb4 27. g3
Nb6 28. Qxb4 Nxh3+ 29. Kg2 Qa7 30. Kxh3 Nd5 31. Qc5 Qd7+ 32. Kg2 Nxe3+ 33. fxe3
Rb2+ 34. Rf2 Rxf2+ 35. Kxf2 Qe6 36. e5 Qa2+ 37. Kf1 g5 38. Qc4 Qxa3 39. Ke2 g4
40. Nd2 Qa1 41. Qxc6 Qg1 42. Qc8+ Kh7 43. Qf5+ Kh8 44. Qxg4 Qg2+ 45. Kd3 Qd5
46. Qc8+ Kh7 47. Qf5+ Kg8 48. N2e4 Qb3+ 49. Ke2 Qa2+ 50. Kf3 Qd5 51. Qc8+ Kh7
52. Qc4 1-0

[Event "Guernsey Open 2012"]
[Site "?"]
[Date "2012.10.24"]
[Round "4"]
[White "Maloberti, David"]
[Black "Mack, Wolfgang"]
[Result "0-1"]
[WhiteElo "2045"]
[BlackElo "2283"]
[PlyCount "68"]
[EventDate "2012.10.21"]
[EventType "swiss"]
[SourceDate "2012.10.30"]

1. d4 Nf6 2. c4 e6 3. Nc3 b6 4. Bg5 Bb7 5. e3 Be7 6. f3 d5 7. Bd3 Nbd7 8. Nge2
O-O 9. O-O c5 10. Qe1 h6 11. Bh4 Rc8 12. cxd5 Nxd5 13. Bxe7 Qxe7 14. Qf2 Nb4
15. Bb1 Ba6 16. Rd1 cxd4 17. exd4 Nf6 18. a3 Nbd5 19. Bd3 Bc4 20. Rac1 Bb3 21.
Bc2 Bxc2 22. Rxc2 Qd7 23. Rcd2 Rc4 24. Ne4 Qe7 25. N2c3 Nxe4 26. Nxe4 Rfc8 27.
f4 g6 28. g4 f5 29. gxf5 exf5 30. Ng3 Qd6 31. Rf1 Rc1 32. Ne2 Rxf1+ 33. Qxf1
Re8 34. Qh3 Nxf4 0-1

[Event "Guernsey Open 2012"]
[Site "?"]
[Date "2012.10.24"]
[Round "4"]
[White "Brooks, Philip"]
[Black "Sprotte, Norbert"]
[Result "1/2-1/2"]
[WhiteElo "2230"]
[BlackElo "2145"]
[PlyCount "44"]
[EventDate "2012.10.21"]
[EventType "swiss"]
[SourceDate "2012.10.30"]

1. d4 e6 2. c4 Bb4+ 3. Bd2 Qe7 4. Nf3 Nf6 5. a3 Bxd2+ 6. Nbxd2 d6 7. e4 e5 8.
d5 O-O 9. Be2 a5 10. O-O a4 11. Ne1 Nbd7 12. Nd3 b6 13. Qc2 Nc5 14. Nxc5 bxc5
15. b4 axb3 16. Qxb3 Bd7 17. Rab1 Ba4 18. Qd3 Rfb8 19. Rxb8+ Rxb8 20. Bd1 Qe8
21. g3 Bxd1 22. Rxd1 Qa4 1/2-1/2

[Event "Guernsey Open 2012"]
[Site "?"]
[Date "2012.10.24"]
[Round "4"]
[White "Lenier, Jude"]
[Black "Gant, Christopher"]
[Result "1-0"]
[WhiteElo "2046"]
[BlackElo "2170"]
[PlyCount "49"]
[EventDate "2012.10.21"]
[EventType "swiss"]
[SourceDate "2012.10.30"]

1. e4 c5 2. Nf3 Nc6 3. d4 cxd4 4. Nxd4 g6 5. Nc3 Bg7 6. Be3 Nf6 7. Bc4 Qa5 8.
O-O O-O 9. h3 d6 10. f4 Bd7 11. Nf3 Qb4 12. Qd3 Na5 13. Bd5 Nxd5 14. Nxd5 Qc4
15. Nxe7+ Kh8 16. Qxd6 Qxe4 17. Bd4 Bxd4+ 18. Nxd4 Be6 19. Rae1 Nc4 20. Qc5 b6
21. Rxe4 bxc5 22. Nxe6 Nd2 23. Nxf8 Nxe4 24. Nd7 Rd8 25. Re1 1-0

[Event "Guernsey Open 2012"]
[Site "?"]
[Date "2012.10.24"]
[Round "4"]
[White "Haria, Ravi"]
[Black "Minnican, Alan"]
[Result "0-1"]
[WhiteElo "2034"]
[BlackElo "2120"]
[PlyCount "68"]
[EventDate "2012.10.21"]
[EventType "swiss"]
[SourceDate "2012.10.30"]

1. e4 e5 2. Nf3 Nc6 3. Bb5 g6 4. O-O Bg7 5. c3 a6 6. Ba4 d6 7. h3 Bd7 8. d4 Nf6
9. Re1 O-O 10. d5 Ne7 11. Bxd7 Nxd7 12. c4 h6 13. Nc3 f5 14. b4 a5 15. c5 axb4
16. cxd6 cxd6 17. Na4 Qa5 18. Nb2 fxe4 19. Rxe4 Qxd5 20. Rxb4 Qxd1+ 21. Nxd1 e4
22. Rxe4 Bxa1 23. Rxe7 Rf7 24. Re6 Kg7 25. Ne3 Nf8 26. Rxd6 Rxa2 27. Ng4 h5 28.
Bh6+ Kg8 29. Ne3 Bg7 30. Bg5 Ra1+ 31. Nf1 Rd7 32. Rb6 Rdd1 33. N3d2 Bc3 34. Bf6
Bxf6 0-1

[Event "Guernsey Open 2012"]
[Site "?"]
[Date "2012.10.24"]
[Round "4"]
[White "Burrows, Martin"]
[Black "Ippel, Cornelius J"]
[Result "1-0"]
[WhiteElo "2108"]
[BlackElo "1935"]
[PlyCount "47"]
[EventDate "2012.10.21"]
[EventType "swiss"]
[SourceDate "2012.10.30"]

1. e4 e6 2. d4 d5 3. Nc3 Bb4 4. e5 c5 5. a3 Ba5 6. b4 cxd4 7. Nb5 Bc7 8. f4 Nc6
9. Nf3 a6 10. Nxc7+ Qxc7 11. Bd3 Nge7 12. O-O Bd7 13. Bb2 Rc8 14. Kh1 f5 15.
exf6 gxf6 16. Nxd4 e5 17. Qh5+ Kd8 18. Nxc6+ Qxc6 19. fxe5 Be8 20. Qh4 Ng6 21.
Bxg6 Kc7 22. Bf5 Rd8 23. Qxf6 Bd7 24. Qd6+ 1-0

[Event "Guernsey Open 2012"]
[Site "?"]
[Date "2012.10.24"]
[Round "4"]
[White "Thurlow, Kevin J"]
[Black "Dilleigh, Stephen"]
[Result "1/2-1/2"]
[WhiteElo "2025"]
[BlackElo "2099"]
[PlyCount "77"]
[EventDate "2012.10.21"]
[EventType "swiss"]
[SourceDate "2012.10.30"]

1. c4 g6 2. d4 Nf6 3. Nc3 Bg7 4. g3 O-O 5. Bg2 d6 6. e3 Nbd7 7. Nge2 e5 8. O-O
Re8 9. Qc2 c6 10. b3 Qc7 11. Bb2 a5 12. Rac1 Nb8 13. Rfd1 Na6 14. Qb1 Bg4 15.
f3 Bd7 16. e4 Rad8 17. Nb5 cxb5 18. cxb5 Qb6 19. bxa6 Qxa6 20. dxe5 dxe5 21.
Bf1 Qb6+ 22. Kg2 Bh6 23. Rc2 Bc6 24. Nc3 Rxd1 25. Qxd1 Rd8 26. Qe1 Qe3 27. Qxe3
Bxe3 28. Nd5 Nxd5 29. exd5 Rxd5 30. Bc4 Rd1 31. Bxe5 Rg1+ 32. Kh3 Bd7+ 33. Kh4
Bb6 34. Bf6 Re1 35. Bd5 Re8 36. g4 Rc8 37. Re2 Bc6 38. Bxc6 bxc6 39. g5 1/2-1/2

[Event "Guernsey Open 2012"]
[Site "?"]
[Date "2012.10.24"]
[Round "4"]
[White "Bakker, Joop"]
[Black "Wismayer, Clive R"]
[Result "1/2-1/2"]
[WhiteElo "1982"]
[BlackElo "2099"]
[PlyCount "53"]
[EventDate "2012.10.21"]
[EventType "swiss"]
[SourceDate "2012.10.30"]

1. Nc3 d5 2. e4 dxe4 3. Nxe4 e6 4. g3 Bd7 5. Nf3 Bc6 6. Qe2 Bxe4 7. Qxe4 c6 8.
Bg2 Nd7 9. O-O Ngf6 10. Qe2 Be7 11. d4 O-O 12. c4 Re8 13. b3 Qa5 14. Bb2 Ba3
15. Rfe1 Bxb2 16. Qxb2 Qb6 17. Rad1 a5 18. Ne5 Red8 19. h3 Rac8 20. Kh2 Nf8 21.
c5 Qc7 22. Nc4 N8d7 23. Nd6 Rb8 24. Nc4 Ra8 25. Qc3 Ra6 26. Rc1 Rc8 27. Nd6
1/2-1/2

[Event "Guernsey Open 2012"]
[Site "?"]
[Date "2012.10.24"]
[Round "4"]
[White "Morcom, Huw"]
[Black "Van Dijk, Bram"]
[Result "1-0"]
[WhiteElo "1958"]
[BlackElo "2083"]
[PlyCount "55"]
[EventDate "2012.10.21"]
[EventType "swiss"]
[SourceDate "2012.10.30"]

1. e4 c6 2. d3 d5 3. Nd2 e5 4. Ngf3 Bd6 5. g3 Ne7 6. Bg2 Bg4 7. h3 Bh5 8. g4
Bg6 9. Nh4 Nd7 10. Nxg6 hxg6 11. Nf3 Nf6 12. Qe2 Qc7 13. c3 dxe4 14. dxe4 Bc5
15. Bg5 O-O-O 16. O-O Nh7 17. b4 Bb6 18. a4 a5 19. Qc4 f6 20. bxa5 Bxa5 21. Be3
g5 22. Rab1 Rd7 23. Nd2 Qd6 24. Nb3 Bd8 25. Nc5 Nf8 26. Nxd7 Qxd7 27. Rfd1 Qe6
28. Qb4 1-0

[Event "Guernsey Open 2012"]
[Site "?"]
[Date "2012.10.24"]
[Round "4"]
[White "Kirby, Peter"]
[Black "Jackson, Oliver A"]
[Result "1/2-1/2"]
[WhiteElo "1999"]
[BlackElo "2189"]
[PlyCount "86"]
[EventDate "2012.10.21"]
[EventType "swiss"]
[SourceDate "2012.10.30"]

1. c4 e5 2. g3 Nc6 3. Nc3 f5 4. Nf3 e4 5. Nh4 d6 6. d3 Be7 7. Ng2 Nf6 8. Nf4
O-O 9. Bg2 exd3 10. exd3 Kh8 11. O-O Ne5 12. Re1 c6 13. d4 Nf7 14. Ne6 Bxe6 15.
Rxe6 Qd7 16. Re2 Rae8 17. Qc2 d5 18. c5 Ne4 19. f3 Nxc3 20. bxc3 Bf6 21. Be3
Re7 22. Rae1 Rfe8 23. Bc1 g6 24. Kf2 {(=)} Nd8 25. Bf1 Ne6 26. Qd3 b6 27. cxb6
axb6 28. Ba3 c5 29. dxc5 bxc5 30. Kg2 Qc6 31. Rd1 c4 32. Qd2 Ra7 33. Bb4 Rd8
34. Rde1 Ng7 35. Qe3 d4 36. cxd4 Bxd4 37. Qg5 Bf6 38. Qe3 Rad7 39. Rc2 c3 40.
Bxc3 f4 41. Qc1 Bxc3 42. Rxc3 Qb6 43. Rc8 fxg3 1/2-1/2

[Event "Guernsey Open 2012"]
[Site "?"]
[Date "2012.10.24"]
[Round "4"]
[White "Purdon, Colin"]
[Black "Campbell, Ian"]
[Result "1-0"]
[WhiteElo "2099"]
[BlackElo "2000"]
[PlyCount "69"]
[EventDate "2012.10.21"]
[EventType "swiss"]
[SourceDate "2012.10.30"]

1. d4 g6 2. c4 Bg7 3. Nc3 d6 4. e4 Nc6 5. Be3 e5 6. Nge2 Nf6 7. d5 Ne7 8. f3 a6
9. Qd2 h5 10. Nc1 b6 11. Be2 Bd7 12. Nd3 a5 13. O-O O-O 14. f4 exf4 15. Bxf4
Bg4 16. e5 dxe5 17. Bxe5 Bxe2 18. Qxe2 Nf5 19. Rxf5 gxf5 20. Qf3 Ng4 21. Bxg7
Kxg7 22. h3 Nh6 23. Qxh5 Qf6 24. Qf3 Qd4+ 25. Kh1 Rae8 26. Nf4 Re3 27. Qf2 Qe5
28. d6 Rxc3 29. bxc3 Qxd6 30. Re1 Rd8 31. Qh4 Kf8 32. Qg5 Re8 33. Rxe8+ Kxe8
34. Nd5 Qe5 35. Qxh6 1-0

[Event "Guernsey Open 2012"]
[Site "?"]
[Date "2012.10.24"]
[Round "4"]
[White "Collier, David O"]
[Black "Spanton, Timothy R"]
[Result "0-1"]
[WhiteElo "2098"]
[BlackElo "1994"]
[PlyCount "57"]
[EventDate "2012.10.21"]
[EventType "swiss"]
[SourceDate "2012.10.30"]

1. Nf3 Nc6 2. d4 d5 3. g3 Bg4 4. Bg2 Qd7 5. h3 Bf5 6. Nh4 Be4 7. f3 Bg6 8. Nxg6
hxg6 9. f4 Nf6 10. e3 Ne4 11. Bxe4 dxe4 12. g4 e6 13. Nd2 Be7 14. a3 Bh4+ 15.
Kf1 O-O-O 16. Qe2 g5 17. fxg5 e5 18. d5 Qxd5 19. Qc4 Qxc4+ 20. Nxc4 Rd1+ 21.
Kg2 Rxh1 22. Kxh1 Bxg5 23. Kg2 b5 24. Nd2 Bxe3 25. Nxe4 Bb6 26. Bd2 Nd4 27. a4
Nxc2 28. Rc1 Ne3+ 29. Kf3 0-1

[Event "Guernsey Open 2012"]
[Site "?"]
[Date "2012.10.24"]
[Round "4"]
[White "Lehmann, Stefan"]
[Black "Taylor, Mark V"]
[Result "1-0"]
[WhiteElo "1992"]
[BlackElo "2098"]
[PlyCount "101"]
[EventDate "2012.10.21"]
[EventType "swiss"]
[SourceDate "2012.10.30"]

1. e4 c5 2. Na3 Nc6 3. Bb5 g6 4. c3 Bg7 5. f4 Nf6 6. d3 O-O 7. Nf3 a6 8. Bxc6
bxc6 9. O-O d6 10. Qe1 a5 11. Qh4 Ba6 12. c4 d5 13. e5 Nd7 14. Be3 e6 15. Qh3
Qe7 16. Rae1 Rab8 17. Bc1 Rb4 18. Nc2 dxc4 19. Nxb4 cxb4 20. d4 c3 21. Rf2 cxb2
22. Rxb2 Bc4 23. Ng5 h6 24. Ne4 Bd5 25. Nd6 c5 26. dxc5 Nxc5 27. Rc2 Na4 28.
Be3 Nc3 29. a3 Rb8 30. axb4 axb4 31. Bc5 Qc7 32. Bxb4 Rxb4 33. Rxc3 Qb6+ 34.
Qe3 Qxe3+ 35. Rexe3 Rxf4 36. Rc8+ Kh7 37. Rc7 g5 38. Rxf7 Kg6 39. Rxf4 gxf4 40.
Re2 f3 41. gxf3 Bxf3 42. Re1 Kg5 43. Kf2 Kf4 44. Re3 Bh5 45. Re4+ Kg5 46. Kg3
Bd1 47. Re1 Bh5 48. h4+ Kg6 49. Kf4 Bf8 50. Rg1+ Kh7 51. Ne4 1-0

[Event "Guernsey Open 2012"]
[Site "?"]
[Date "2012.10.24"]
[Round "4"]
[White "Hermes, Geoff"]
[Black "Lewyk, Ihor"]
[Result "0-1"]
[WhiteElo "1979"]
[BlackElo "2079"]
[PlyCount "66"]
[EventDate "2012.10.21"]
[EventType "swiss"]
[SourceDate "2012.10.30"]

1. e4 d5 2. exd5 Nf6 3. Nf3 Nxd5 4. d4 Bg4 5. Be2 Nc6 6. c4 Nb6 7. d5 Bxf3 8.
Bxf3 Ne5 9. b3 c6 10. O-O Nxf3+ 11. Qxf3 cxd5 12. c5 Nc8 13. Bb2 e6 14. b4 a5
15. a3 axb4 16. axb4 Rxa1 17. Bxa1 b6 18. Qd3 bxc5 19. bxc5 Qa5 20. Bd4 f6 21.
Nd2 Be7 22. Ra1 Qc7 23. Qb5+ Kf7 24. Nb3 Na7 25. Qa6 Nc6 26. Bc3 Rb8 27. Qa3
Qb7 28. Nd2 d4 29. Ba5 Ra8 30. Nc4 Qb5 31. Qa4 Qxa4 32. Rxa4 Nxa5 33. c6 Rb8
0-1

[Event "Guernsey Open 2012"]
[Site "?"]
[Date "2012.10.24"]
[Round "4"]
[White "Goater, Kevin P"]
[Black "Burton, Ronnie"]
[Result "1-0"]
[WhiteElo "2147"]
[BlackElo "2013"]
[PlyCount "59"]
[EventDate "2012.10.21"]
[EventType "swiss"]
[SourceDate "2012.10.30"]

1. d4 g6 2. e4 Bg7 3. Nc3 d6 4. Be3 a6 5. Nf3 Nd7 6. Qd2 b5 7. a4 b4 8. Ne2 a5
9. Ng3 Bb7 10. Bd3 Ngf6 11. Bh6 Bxh6 12. Qxh6 e5 13. dxe5 dxe5 14. Rd1 Qe7 15.
O-O Ng4 16. Qd2 Rd8 17. h3 Ngf6 18. Qh6 Qf8 19. Qe3 Ra8 20. Bb5 Qe7 21. Qg5 c6
22. Bc4 h6 23. Qe3 Kf8 24. Rd2 Kg7 25. Rfd1 Rhe8 26. Nh4 Kh7 27. Nhf5 gxf5 28.
Nxf5 Qf8 29. Rxd7 Nxd7 30. Rxd7 1-0

[Event "Guernsey Open 2012"]
[Site "?"]
[Date "2012.10.24"]
[Round "4"]
[White "Taylor, Robert"]
[Black "Prins, Jan"]
[Result "0-1"]
[WhiteElo "1920"]
[BlackElo "2040"]
[PlyCount "148"]
[EventDate "2012.10.21"]
[EventType "swiss"]
[SourceDate "2012.10.30"]

1. d4 d5 2. Nc3 Bf5 3. f3 Nf6 4. Bg5 c6 5. Qd2 Nbd7 6. O-O-O h6 7. Bh4 g5 8.
Bg3 e6 9. e3 b5 10. Bd3 b4 11. Nce2 Bxd3 12. Qxd3 Qa5 13. Kb1 Qb5 14. h4 g4 15.
e4 gxf3 16. gxf3 Qxd3 17. cxd3 a5 18. Nf4 Nb6 19. Nge2 Kd7 20. Rhg1 Be7 21. Bf2
Rag8 22. Rxg8 Rxg8 23. Rg1 Rxg1+ 24. Bxg1 Ng8 25. Ng2 Nc8 26. Nc1 a4 27. b3 a3
28. Be3 Nd6 29. Ne2 Nb5 30. Kc2 f6 31. f4 f5 32. e5 Ke8 33. h5 Kd7 34. Ne1 Kc7
35. Bd2 Kb6 36. Nf3 Nc7 37. Be1 Ne8 38. Bf2 Ng7 39. Ng3 Ka5 40. Kd2 Bd8 41. Kc2
Ne7 42. Nh4 Kb5 43. Kd2 Kb6 44. Kc2 Nc8 45. Ng6 Na7 46. Nh8 Bh4 47. Nf7 Bxg3
48. Bxg3 Nxh5 49. Be1 Nb5 50. Bxb4 Nxd4+ 51. Kd2 Nb5 52. Bf8 Nxf4 53. Bxh6 Ng6
54. Nd8 Nc7 55. d4 c5 56. Be3 cxd4 57. Bxd4+ Kb5 58. Nf7 Kc6 59. Ng5 Kd7 60.
Nf3 Nb5 61. Bc5 Kc6 62. b4 d4 63. Bxd4 Kd5 64. Ba1 Kc4 65. Ng5 Nf8 66. Ke3 Nc7
67. Kd2 Nd5 68. Nf3 Nxb4 69. Nd4 Nxa2 70. Nc2 Kb3 71. Bd4 Nb4 72. Na1+ Kc4 73.
Bb6 Nd7 74. Bc7 Nc5 0-1

[Event "Guernsey Open 2012"]
[Site "?"]
[Date "2012.10.24"]
[Round "4"]
[White "Goris, Ton"]
[Black "Bullen, Alex"]
[Result "0-1"]
[WhiteElo "2029"]
[BlackElo "1821"]
[PlyCount "54"]
[EventDate "2012.10.21"]
[EventType "swiss"]
[SourceDate "2012.10.30"]

1. e4 c6 2. d4 d5 3. e5 Bf5 4. Nc3 e6 5. g4 Bg6 6. Nge2 c5 7. h4 h5 8. Nf4 Bh7
9. Nxh5 Nc6 10. Bb5 cxd4 11. Qxd4 Nge7 12. Bh6 a6 13. Bxg7 Bxg7 14. Nxg7+ Kf8
15. Nxe6+ fxe6 16. Qf4+ Ke8 17. Qf6 Rg8 18. Bxc6+ bxc6 19. O-O-O Rb8 20. g5 Qb6
21. Na4 Qb4 22. b3 Qe4 23. Kb2 Qxc2+ 24. Ka3 Qe4 25. h5 Rf8 26. Qxe6 Qb4+ 27.
Kb2 Rxf2+ 0-1

[Event "Guernsey Open 2012"]
[Site "?"]
[Date "2012.10.24"]
[Round "4"]
[White "Haverkamp, Klaus"]
[Black "Hickman, John"]
[Result "1-0"]
[WhiteElo "2023"]
[BlackElo "1918"]
[PlyCount "91"]
[EventDate "2012.10.21"]
[EventType "swiss"]
[SourceDate "2012.10.30"]

1. e4 e5 2. Nf3 Nc6 3. Bb5 a6 4. Ba4 Nf6 5. O-O b5 6. Bb3 Be7 7. Re1 d6 8. c3
O-O 9. d3 Na5 10. Bc2 c5 11. Nbd2 Bd7 12. Nf1 Qc7 13. Ng3 g6 14. Bg5 Nc6 15. h3
Nd8 16. Nh4 Ne6 17. Bh6 Rfe8 18. Qf3 Bc6 19. Bb3 Nxe4 20. Nxg6 hxg6 21. Nxe4
Bxe4 22. Qxe4 Kh7 23. Bd2 f5 24. Qd5 Ng7 25. a4 Rab8 26. axb5 axb5 27. Ra6 Qb7
28. Qxb7 Rxb7 29. Bd5 Rbb8 30. Rea1 Rec8 31. f4 c4 32. fxe5 dxe5 33. Bf7 Bc5+
34. Kf1 cxd3 35. Rxg6 Rb6 36. Rxb6 Bxb6 37. Ra6 Rb8 38. Ke1 e4 39. Bf4 Rb7 40.
Bd5 Rd7 41. Bc6 Bf2+ 42. Kd1 Rd8 43. Bxb5 e3 44. Rh6+ Kg8 45. Bc4+ Ne6 46. Rxe6
1-0

[Event "Guernsey Open 2012"]
[Site "?"]
[Date "2012.10.24"]
[Round "4"]
[White "Finke, Maurice"]
[Black "Staniforth, Matthew"]
[Result "1-0"]
[WhiteElo "1910"]
[BlackElo "1999"]
[PlyCount "51"]
[EventDate "2012.10.21"]
[EventType "swiss"]
[SourceDate "2012.10.30"]

1. d4 d5 2. c4 e5 3. dxe5 d4 4. Nf3 Nc6 5. Nbd2 Bg4 6. h3 Bh5 7. Nb3 Bxf3 8.
exf3 Qd7 9. f4 O-O-O 10. Bd3 Nge7 11. O-O g5 12. Nc5 Qe8 13. Ne4 Bg7 14. Nxg5
h6 15. Ne4 Ng6 16. Bd2 Qe7 17. a3 Qh4 18. Qg4+ Qxg4 19. hxg4 Ngxe5 20. fxe5
Nxe5 21. Nc5 b6 22. Bf5+ Kb8 23. Nd3 Nxc4 24. Bf4 Rhe8 25. Rac1 Nd6 26. Nb4 1-0

[Event "Guernsey Open 2012"]
[Site "?"]
[Date "2012.10.24"]
[Round "4"]
[White "Heppell, Ian N"]
[Black "De Kruif, Kees"]
[Result "1-0"]
[WhiteElo "2118"]
[BlackElo "1956"]
[PlyCount "37"]
[EventDate "2012.10.21"]
[EventType "swiss"]
[SourceDate "2012.10.30"]

1. e4 c5 2. Nc3 d6 3. f4 Nc6 4. Nf3 e6 5. Bb5 a6 6. Bxc6+ bxc6 7. d3 d5 8. O-O
d4 9. Na4 Nf6 10. b3 Be7 11. Ne5 Qc7 12. Ba3 Bd6 13. Bxc5 Bxe5 14. fxe5 Qxe5
15. Qf3 Bb7 16. b4 Rd8 17. Nb6 Qh5 18. Qg3 Ng4 19. h3 1-0

[Event "Guernsey Open 2012"]
[Site "?"]
[Date "2012.10.24"]
[Round "4"]
[White "Bolt, Graham"]
[Black "Fassaert, Desire JM"]
[Result "0-1"]
[WhiteElo "2063"]
[BlackElo "1939"]
[PlyCount "104"]
[EventDate "2012.10.21"]
[EventType "swiss"]
[SourceDate "2012.10.30"]

1. g3 c5 2. Bg2 Nc6 3. d3 g6 4. c3 Bg7 5. e4 e6 6. Ne2 Nge7 7. O-O O-O 8. Be3
b6 9. Qc2 Ba6 10. Na3 Rc8 11. Qd2 d5 12. exd5 Nxd5 13. Rfd1 Nxe3 14. Qxe3 Qc7
15. Rac1 Qe5 16. Rc2 Qxe3 17. fxe3 Bh6 18. Nf4 Rfd8 19. Rcd2 e5 20. Nd5 Rxd5
21. Bxd5 Bxe3+ 22. Rf2 Bxf2+ 23. Kxf2 Ne7 24. Bf3 Rd8 25. Ke2 f5 26. c4 Kf7 27.
Nc2 e4 28. dxe4 Bxc4+ 29. Ke3 Rxd1 30. Bxd1 Bxa2 31. Na3 Be6 32. Nb5 Nc8 33.
Bf3 Kf6 34. h4 Ke5 35. exf5 Bxf5 36. Bc6 h6 37. Na3 Nd6 38. Bf3 Be6 39. Be2
Nf5+ 40. Kf2 Nd4 41. Bd3 g5 42. hxg5 hxg5 43. Bf1 Ba2 44. Bd3 Bd5 45. Ke3 Nf5+
46. Kf2 Nd6 47. Ke3 c4 48. Bf1 b5 49. Nb1 Ne4 50. g4 b4 51. Be2 a5 52. Bf3 c3
0-1

[Event "Guernsey Open 2012"]
[Site "?"]
[Date "2012.10.24"]
[Round "4"]
[White "Casiot, David"]
[Black "Waters, Andrew C"]
[Result "1/2-1/2"]
[WhiteElo "2046"]
[BlackElo "1938"]
[PlyCount "95"]
[EventDate "2012.10.21"]
[EventType "swiss"]
[SourceDate "2012.10.30"]

1. e4 Nf6 2. e5 Nd5 3. Nc3 Nxc3 4. bxc3 d5 5. d4 Bf5 6. Bd3 Bxd3 7. cxd3 e6 8.
Nf3 c5 9. O-O cxd4 10. Nxd4 Nc6 11. Nxc6 bxc6 12. Qa4 Qc7 13. Re1 Rb8 14. Be3
Be7 15. Qxa7 Rb7 16. Qa8+ Bd8 17. Bc5 Kd7 18. Qa3 f6 19. exf6 Bxf6 20. Rab1
Rhb8 21. Rxb7 Rxb7 22. d4 e5 23. g3 e4 24. c4 Qb8 25. cxd5 cxd5 26. Qa4+ Kd8
27. Qc6 Rd7 28. Kg2 Qb2 29. Qa8+ Kc7 30. Qa5+ Kc8 31. Qa6+ Qb7 32. Qe2 Rf7 33.
Rc1 Kd8 34. Rc3 Ke8 35. Rb3 Qc6 36. a3 Rb7 37. Rc3 g6 38. Qg4 Kf7 39. Qe2 Rb1
40. Rc2 Rb3 41. Bb4 Qb7 42. Bd6 Ke6 43. Rc7 Qb5 44. Qxb5 Rxb5 45. Bc5 Rb2 46.
Rc6+ Kf7 47. Rb6 Rd2 48. Kf1 1/2-1/2

[Event "Guernsey Open 2012"]
[Site "?"]
[Date "2012.10.24"]
[Round "4"]
[White "Archer, Richard"]
[Black "Goris Schouwstra, Adry"]
[Result "1-0"]
[WhiteElo "2022"]
[BlackElo "1929"]
[PlyCount "87"]
[EventDate "2012.10.21"]
[EventType "swiss"]
[SourceDate "2012.10.30"]

1. e4 e6 2. d4 d5 3. Nd2 Nf6 4. e5 Nfd7 5. Bd3 c5 6. c3 Nc6 7. Ne2 g6 8. Nf3
cxd4 9. cxd4 Be7 10. O-O a6 11. a3 b5 12. Nf4 b4 13. Qc2 Qb6 14. Be3 b3 15. Qb1
a5 16. h4 Ba6 17. h5 Bxd3 18. Qxd3 Nf8 19. a4 Rc8 20. Nd2 Rb8 21. Rfc1 Kd7 22.
Nf3 g5 23. Ne2 h6 24. g4 Qd8 25. Qd1 f6 26. Nc3 fxe5 27. dxe5 Rb4 28. Nxd5
Rxg4+ 29. Kh2 Ke8 30. Rxc6 Qxd5 31. Qxd5 exd5 32. Rd1 Kd7 33. Ra6 Bb4 34. Rxd5+
Ke7 35. Rb5 Nd7 36. e6 Bd6+ 37. Kh3 Nf6 38. Bd4 Rxd4 39. Nxd4 Nxh5 40. Nf5+ Kf6
41. Nxd6 Nf4+ 42. Kg3 Kxe6 43. Nf7+ Kxf7 44. Rb7+ 1-0

[Event "Guernsey Open 2012"]
[Site "?"]
[Date "2012.10.24"]
[Round "4"]
[White "Canonne, Antoine"]
[Black "Gravett, Alan D"]
[Result "1-0"]
[WhiteElo "2014"]
[BlackElo "1921"]
[PlyCount "29"]
[EventDate "2012.10.21"]
[EventType "swiss"]
[SourceDate "2012.10.30"]

1. e4 c5 2. Nc3 d6 3. f4 Nc6 4. Nf3 g6 5. Bb5 Bd7 6. O-O Nd4 7. Bxd7+ Qxd7 8.
Ne2 Bg7 9. c3 Nxf3+ 10. Rxf3 Nf6 11. d3 O-O 12. f5 c4 13. fxg6 fxg6 14. dxc4
Nxe4 15. Qd5+ 1-0

[Event "Guernsey Open 2012"]
[Site "?"]
[Date "2012.10.24"]
[Round "4"]
[White "Hawkins, Nick"]
[Black "Roberts, Malcolm A"]
[Result "1-0"]
[WhiteElo "2001"]
[BlackElo "1866"]
[PlyCount "101"]
[EventDate "2012.10.21"]
[EventType "swiss"]
[SourceDate "2012.10.30"]

1. e4 e6 2. d4 d5 3. Nc3 dxe4 4. Nxe4 Nd7 5. Nf3 Ngf6 6. Ng3 b6 7. Bd3 Bb7 8.
O-O Be7 9. Re1 O-O 10. Bg5 h6 11. Bd2 c5 12. c3 Rc8 13. Qe2 Re8 14. Rad1 cxd4
15. cxd4 Bd6 16. Ne5 Qc7 17. Rc1 Qb8 18. Bb5 Red8 19. Nxf7 Rxc1 20. Bxc1 Re8
21. Ne5 Qc7 22. Nh5 Bxe5 23. dxe5 Nxh5 24. Qxh5 Re7 25. Bd3 Nf8 26. Qe2 Bd5 27.
b3 Rf7 28. Ba3 Qb7 29. f3 g5 30. Bxf8 Rxf8 31. Be4 Kg7 32. Bxd5 Qxd5 33. Qe4
Qc5+ 34. Qe3 Qc2 35. Re2 Qd1+ 36. Kf2 Rd8 37. Kg3 Rd7 38. Qf2 Qc1 39. Qe3 Qd1
40. Re1 Qd5 41. Rc1 Rf7 42. Rc4 Rd7 43. h4 gxh4+ 44. Rxh4 Qd2 45. Rg4+ Kf8 46.
Qe4 h5 47. Rf4+ Ke8 48. Qg6+ Kd8 49. Qg8+ Kc7 50. Rc4+ Kb7 51. Qc8# 1-0

[Event "Guernsey Open 2012"]
[Site "?"]
[Date "2012.10.24"]
[Round "4"]
[White "Glover, John"]
[Black "Fathallah, Joe"]
[Result "1/2-1/2"]
[WhiteElo "1832"]
[BlackElo "1986"]
[PlyCount "88"]
[EventDate "2012.10.21"]
[EventType "swiss"]
[SourceDate "2012.10.30"]

1. Nf3 f5 2. c4 Nf6 3. g3 g6 4. Bg2 Bg7 5. O-O O-O 6. d4 d6 7. b3 c6 8. Bb2 Qc7
9. Nc3 Na6 10. d5 e5 11. dxe6 Bxe6 12. Rc1 Rad8 13. Ng5 Rfe8 14. e3 Qe7 15.
Nxe6 Qxe6 16. Qe2 Nc5 17. Rfd1 Nce4 18. Nxe4 Nxe4 19. Bxg7 Kxg7 20. Bxe4 Qxe4
21. Qb2+ Qe5 22. Qa3 a6 23. Rd2 g5 24. Rcd1 Re6 25. Qb2 Qxb2 26. Rxb2 Kf6 27.
Kg2 h5 28. h3 Re4 29. Rbd2 Ke6 30. Rd4 d5 31. g4 Rxd4 32. Rxd4 hxg4 33. hxg4
Rf8 34. f4 dxc4 35. Rxc4 gxf4 36. Rxf4 Rg8 37. Kf3 fxg4+ 38. Rxg4 Rxg4 39. Kxg4
Ke5 40. Kf3 c5 41. e4 b5 42. Ke3 c4 43. bxc4 bxc4 44. a3 c3 1/2-1/2